Statistics for Depeche Mode Countries #1

Click here to take the quiz!

General Stats

  • This quiz has been taken 433 times
    (232 since last reset)
  • The average score is 30 of 34

Answer Stats

Answer% Correct
United Kingdom
98%
France
97%
Germany
96%
USA
96%
Canada
95%
Italy
95%
Spain
94%
Sweden
94%
Mexico
93%
Austria
92%
Belgium
92%
Brazil
92%
Denmark
92%
Poland
92%
Russia
92%
Greece
91%
Netherlands
90%
Portugal
90%
Argentina
89%
Finland
89%
Hungary
88%
Czechia
87%
Switzerland
87%
Ireland
86%
Slovakia
85%
Ukraine
85%
Romania
84%
Slovenia
83%
Chile
82%
Colombia
81%
Latvia
77%
Lithuania
77%
Peru
75%
Belarus
66%

Score Distribution

Percentile by Number Answered

Percent of People with Each Score

Your Score History

You have not taken this quiz since the last reset